000 00850nam a22002777a 4500
001 6869
003 FISKH
005 20250604093153.0
008 250604b cb ||||| |||| 00| 0 eng d
020 _a9780756692933
040 _aFISKH
_beng
_cFISKH
_dFISKH
050 _aQE861 .M437
082 _a567.9
100 _aAnonymous
245 _aMeet the dinosaurs /
250 _aThis edition published in 2012
260 _aLondon :
_bDK Publishing,
_c2006
300 _a32 pages :
_bcolor illustrations ;
_c23 cm
505 _aE
520 _a"Some dinosaurs are fast. Some are tall. Some have horns and spikes! Which dinosaurs would you like to meet?" --Cover, page 4.
521 8 _a260
_bLexile
521 8 _aE
_bRaz-Plus
650 _aDinosaurs
_vDinosaurs and Reptiles
_xAmphibians
942 _2ddc
_cBK
_n0
999 _c6869
_d6869